00000000nam 2200000zi 4500
0019.954221
003CaOODSP
00520250820081002
006m     o  d f      
007cr mn|||||||||
008250818e20180516oncd    obs  f000 0 eng d
040 |aCaOODSP|beng|erda|cCaOODSP
043 |an-cn---
0861 |aCS82-003/2018-5-2E-PDF
1001 |aGarner, Rochelle,|d1974- |eauthor.
24510|aTransitions to long-term and residential care among older Canadians / |cby Rochelle Garner, Peter Tanuseputro, Douglas G. Manuel and Claudia Sanmartin.
264 1|a[Ottawa] : |bStatistics Canada = Statistique Canada, |cMay 16, 2018.
264 4|c©2018
300 |a1 online resource (pages 13-23) : |bgraphs.
336 |atext|btxt|2rdacontent
337 |acomputer|bc|2rdamedia
338 |aonline resource|bcr|2rdacarrier
4901 |aHealth reports, |x1209-1367 ; |vvol. 29, no. 5, [2]
500 |aCover title.
500 |aIssued also in French under title: Transitions vers les soins de longue durée et les soins en établissement chez les Canadiens âgés.
504 |aIncludes bibliographical references (pages 22-23).
5203 |a"The aging of the Canadian population has increased attention on the future need for nursing home beds. Although current projections rely primarily on age and sex, other factors also contribute to the need for long-term care. This study seeks to identify additional factors to age and sex that contribute to Canadians transitioning from living at home to living in a seniors’ residence or nursing home"--Abstract, page 13.
650 0|aNursing homes|zCanada|vStatistics.
650 0|aLong-term care facilities|zCanada|vStatistics.
650 0|aOlder people|xDwellings|zCanada.
655 7|aStatistics|2lcgft
7102 |aStatistics Canada, |eissuing body.
77508|tTransitions vers les soins de longue durée et les soins en établissement chez les Canadiens âgés / |w(CaOODSP)9.954222
830#0|aHealth reports (Series)|x1209-1367 ; |vvol. 29, no. 5, [2].|w(CaOODSP)9.950253
85640|qPDF|s564 KB|uhttps://publications.gc.ca/collections/collection_2025/statcan/82-003-x/CS82-003-2018-5-2-eng.pdf
8564 |qHTML|sN/A|uhttps://www150.statcan.gc.ca/n1/pub/82-003-x/2018005/article/54966-eng.htm